| 000 | 00545nam a2200169 i 4500 | ||
|---|---|---|---|
| 001 | 76314 | ||
| 003 | ES-MaACL | ||
| 005 | 20230906172810.0 | ||
| 007 | t| | ||
| 008 | 040930s1963 sp ||||1| spa d | ||
| 100 | 1 |
_aGross, Guenter F. _960164 |
|
| 245 | 1 | 0 |
_aDirectivos _b: sabed delegar vuestro trabajo / _cGuenterb F. Gross ; traducción y prólogo Juan J. Maluquer Whal. |
| 260 |
_aBarcelona : _bSagitario, _c[1963] |
||
| 300 |
_a233 p. : _bil. ; _c22 cm. |
||
| 700 | 1 |
_aMaluquer Wahl, Juan J. _975884 |
|
| 852 |
_aES-MaACL _jC-24062 _bR.52730 |
||
| 999 |
_c76314 _d76314 |
||